<?xml version="1.0" encoding="UTF-8"?>
<record
    xmlns:xsi="http://www.w3.org/2001/XMLSchema-instance"
    xsi:schemaLocation="http://www.loc.gov/MARC21/slim http://www.loc.gov/standards/marcxml/schema/MARC21slim.xsd"
    xmlns="http://www.loc.gov/MARC21/slim">

  <leader>03710nam a2200553 a 4500</leader>
  <controlfield tag="003">Mxchpua</controlfield>
  <controlfield tag="005">20250506181822.0</controlfield>
  <controlfield tag="007">ta</controlfield>
  <controlfield tag="008">250121s2024    mx abdofs|||| 001 0 spa d</controlfield>
  <datafield tag="040" ind1=" " ind2=" ">
    <subfield code="a">mxchpua</subfield>
  </datafield>
  <datafield tag="090" ind1=" " ind2=" ">
    <subfield code="a">T.C.945</subfield>
    <subfield code="b">V45 IA</subfield>
    <subfield code="c">2024</subfield>
  </datafield>
  <datafield tag="245" ind1="1" ind2="0">
    <subfield code="a">Reporte de la fase de campo del curso Introducci&#xF3;n a la Agroindustria realizado en 29 empresas de los estados de Tlaxcala, Puebla, Veracruz, Hidalgo y Quer&#xE9;taro /</subfield>
    <subfield code="c">coordinadora Alejandra Vel&#xE1;zquez Castillo ; colaboradores Jos&#xE9; Antonio Abad&#xED;a Calder&#xF3;n...[y otros]</subfield>
  </datafield>
  <datafield tag="260" ind1=" " ind2=" ">
    <subfield code="a">Chapingo, M&#xE9;xico :</subfield>
    <subfield code="b">El autor,</subfield>
    <subfield code="c">2024</subfield>
  </datafield>
  <datafield tag="300" ind1=" " ind2=" ">
    <subfield code="a">1 recurso en l&#xED;nea (508 p&#xE1;ginas) :</subfield>
    <subfield code="b">ilustraciones, mapas, gr&#xE1;ficas, diagramas, tablas, fotos</subfield>
  </datafield>
  <datafield tag="336" ind1=" " ind2=" ">
    <subfield code="2">rdacontent</subfield>
    <subfield code="a">Texto</subfield>
    <subfield code="b">txt</subfield>
  </datafield>
  <datafield tag="337" ind1=" " ind2=" ">
    <subfield code="2">rdamedia</subfield>
    <subfield code="a">computadora</subfield>
    <subfield code="b">c</subfield>
  </datafield>
  <datafield tag="338" ind1=" " ind2=" ">
    <subfield code="2">rdacarrier</subfield>
    <subfield code="a">recurso en l&#xED;nea</subfield>
    <subfield code="b">cr</subfield>
  </datafield>
  <datafield tag="500" ind1=" " ind2=" ">
    <subfield code="a">Grado 4&#xB0; ; Grupo 2 --
Directorio: p&#xE1;ginas 505-508</subfield>
  </datafield>
  <datafield tag="502" ind1=" " ind2=" ">
    <subfield code="a">Viaje de Estudios</subfield>
    <subfield code="b">(IA) --</subfield>
    <subfield code="c">UACh. Departamento de Ingenier&#xED;a Agroindustrial,</subfield>
    <subfield code="d">2024</subfield>
  </datafield>
  <datafield tag="504" ind1=" " ind2=" ">
    <subfield code="a">Bibliograf&#xED;a: p&#xE1;ginas 86-91</subfield>
  </datafield>
  <datafield tag="505" ind1="0" ind2=" ">
    <subfield code="a">Visitas: --</subfield>
    <subfield code="t">1. Cervecer&#xED;a Primus --
2. Grupo Modelo S.A. De C.V. --
3. Malter&#xED;a Mexicana Altiplano S.P.R de R.L. --
4. Fuente de la vida agropecuaria S. de R.L. --
5. HIGUERMEX S.P.R. de R.L. --
6. HORTICOLA SOLES SPR DE RL DE CV --
7. Agrosoluciones CAN-MEX S.A. DE C.V. --
8. MOLE CASTIZO --
9. AGROCOSCO S.P.R. de R.L. de C.V. --
10. ZANAGESS --
11. VI&#xD1;EDOS AZTECA --
12. GRUPO PULMEX S.P.R de R.I --
13. La Fama --
14. Casa Rivadeneyra --
15. INDUSTRIAS CITR&#xCD;COLAS DE MONTEMORELOS S.A DE C.V. --
16. Deshidratadora de Fruta Veracruzana S.P.R. de R.L. de C.V. --
17. Alimentos Balanceados Y Servicios Integrados 2070 S.A. De C.V. --
18. NUTRI SOW S.A DE C.V. --
19. Caf&#xE9; el campanario --
20. Uni&#xF3;n Regional de Peque&#xF1;os Productores de Caf&#xE9; --
21. Rastro Municipal de Quer&#xE9;taro TIF 412 --
22. Empacadora de carnes y derivados --
23. La Biquette --
24. LICONSA S.A de C.V. --
25. Ingredion M&#xE9;xico S.A. de C.V. --
26. Zucarmex Ingenio Mahuixtlan --
27. Dashitos --
28. Shettino Hermanos S. De R. L. de C. V. --
29. Barcel S.A de C.V.</subfield>
  </datafield>
  <datafield tag="650" ind1="1" ind2="3">
    <subfield code="a">Industria de productos hort&#xED;colas</subfield>
    <subfield code="z">M&#xE9;xico  </subfield>
    <subfield code="9">156980</subfield>
  </datafield>
  <datafield tag="650" ind1="1" ind2="3">
    <subfield code="a">Edulcorantes</subfield>
    <subfield code="x">Industria y comercio</subfield>
    <subfield code="z">M&#xE9;xico   </subfield>
    <subfield code="9">155253</subfield>
  </datafield>
  <datafield tag="650" ind1="1" ind2="3">
    <subfield code="a">Industria cervecera</subfield>
    <subfield code="z">M&#xE9;xico  </subfield>
    <subfield code="9">149284</subfield>
  </datafield>
  <datafield tag="650" ind1="1" ind2="7">
    <subfield code="a">Industria lechera</subfield>
    <subfield code="z">M&#xE9;xico</subfield>
    <subfield code="9">57847</subfield>
  </datafield>
  <datafield tag="650" ind1="1" ind2="3">
    <subfield code="a">Industria del ganado y de la carne</subfield>
    <subfield code="z">M&#xE9;xico  </subfield>
    <subfield code="9">147829</subfield>
  </datafield>
  <datafield tag="650" ind1="1" ind2="3">
    <subfield code="a">Industria alimentaria</subfield>
    <subfield code="z">M&#xE9;xico  </subfield>
    <subfield code="9">150299</subfield>
  </datafield>
  <datafield tag="650" ind1="1" ind2="7">
    <subfield code="a">Industria azucarera</subfield>
    <subfield code="z">M&#xE9;xico</subfield>
    <subfield code="9">57791</subfield>
  </datafield>
  <datafield tag="650" ind1="1" ind2="3">
    <subfield code="a">Caf&#xE9;</subfield>
    <subfield code="x">Industria y comercio</subfield>
    <subfield code="z">M&#xE9;xico  </subfield>
    <subfield code="9">148846</subfield>
  </datafield>
  <datafield tag="650" ind1="1" ind2="3">
    <subfield code="a">Industria del vino</subfield>
    <subfield code="z">M&#xE9;xico  </subfield>
    <subfield code="9">149529</subfield>
  </datafield>
  <datafield tag="650" ind1="1" ind2="3">
    <subfield code="a">Industria de la destiler&#xED;a</subfield>
    <subfield code="z">M&#xE9;xico</subfield>
    <subfield code="9">150300</subfield>
  </datafield>
  <datafield tag="650" ind1="1" ind2="3">
    <subfield code="a">Frutos</subfield>
    <subfield code="x">Industria y comercio</subfield>
    <subfield code="z">M&#xE9;xico   </subfield>
    <subfield code="9">153646</subfield>
  </datafield>
  <datafield tag="650" ind1="1" ind2="3">
    <subfield code="a">Industria de semillas  </subfield>
    <subfield code="z">M&#xE9;xico</subfield>
    <subfield code="9">154452</subfield>
  </datafield>
  <datafield tag="650" ind1="1" ind2="3">
    <subfield code="a">Horticultural products industry  </subfield>
    <subfield code="z">Mexico</subfield>
    <subfield code="9">151276</subfield>
  </datafield>
  <datafield tag="650" ind1="1" ind2="0">
    <subfield code="a">Sweeteners</subfield>
    <subfield code="x">Industry and trade</subfield>
    <subfield code="z">Mexico</subfield>
    <subfield code="9">155254</subfield>
  </datafield>
  <datafield tag="650" ind1="1" ind2="3">
    <subfield code="a">Brewing industry</subfield>
    <subfield code="z">M&#xE9;xico  </subfield>
    <subfield code="9">149282</subfield>
  </datafield>
  <datafield tag="650" ind1="1" ind2="3">
    <subfield code="a">Dairy industry</subfield>
    <subfield code="z">Mexico</subfield>
    <subfield code="9">152363</subfield>
  </datafield>
  <datafield tag="650" ind1="1" ind2="3">
    <subfield code="a">Livestock and meat industry</subfield>
    <subfield code="z">Mexico  </subfield>
    <subfield code="9">147830</subfield>
  </datafield>
  <datafield tag="650" ind1="1" ind2="3">
    <subfield code="a">Feed industry</subfield>
    <subfield code="z">Mexico  </subfield>
    <subfield code="9">150298</subfield>
  </datafield>
  <datafield tag="650" ind1="1" ind2="3">
    <subfield code="a">Sugar industry</subfield>
    <subfield code="z">Mexico  </subfield>
    <subfield code="9">148429</subfield>
  </datafield>
  <datafield tag="650" ind1="1" ind2="3">
    <subfield code="a">Coffee (beverage)</subfield>
    <subfield code="x">Industry and trade </subfield>
    <subfield code="z">Mexico</subfield>
    <subfield code="9">185335</subfield>
  </datafield>
  <datafield tag="650" ind1="1" ind2="3">
    <subfield code="a">Wine industry</subfield>
    <subfield code="z">Mexico</subfield>
    <subfield code="9">149531</subfield>
  </datafield>
  <datafield tag="650" ind1="1" ind2="3">
    <subfield code="a">Distilling industry</subfield>
    <subfield code="z">Mexico </subfield>
    <subfield code="9">163109</subfield>
  </datafield>
  <datafield tag="650" ind1="1" ind2="3">
    <subfield code="a">Fruits</subfield>
    <subfield code="x">Industry and trade </subfield>
    <subfield code="z">M&#xE9;xico  </subfield>
    <subfield code="9">153645</subfield>
  </datafield>
  <datafield tag="650" ind1="1" ind2="3">
    <subfield code="a">Seed industry</subfield>
    <subfield code="z">Mexico</subfield>
    <subfield code="9">154453</subfield>
  </datafield>
  <datafield tag="700" ind1="1" ind2=" ">
    <subfield code="a">Vel&#xE1;zquez Castillo, Alejandra</subfield>
    <subfield code="9">118517</subfield>
    <subfield code="e">coordinadora</subfield>
  </datafield>
  <datafield tag="700" ind1=" " ind2=" ">
    <subfield code="a">Abad&#xED;a Calder&#xF3;n, Jos&#xE9; Antonio</subfield>
    <subfield code="9">189855</subfield>
    <subfield code="e">colaborador</subfield>
  </datafield>
  <datafield tag="856" ind1="4" ind2="0">
    <subfield code="u">http://10.13.5.2/ve/TC945_IA/TC945_IA_2024-REPORTE.pdf</subfield>
    <subfield code="y">DESCARGAR REPORTE</subfield>
  </datafield>
  <datafield tag="999" ind1=" " ind2=" ">
    <subfield code="c">220354</subfield>
    <subfield code="d">220354</subfield>
  </datafield>
  <datafield tag="952" ind1=" " ind2=" ">
    <subfield code="0">0</subfield>
    <subfield code="1">0</subfield>
    <subfield code="2">local</subfield>
    <subfield code="4">0</subfield>
    <subfield code="7">0</subfield>
    <subfield code="8">VEE</subfield>
    <subfield code="a">IA_</subfield>
    <subfield code="b">IA_</subfield>
    <subfield code="c">E_L</subfield>
    <subfield code="d">2025-01-21</subfield>
    <subfield code="e">El autor</subfield>
    <subfield code="l">0</subfield>
    <subfield code="o">T.C.945 V45 IA 2024</subfield>
    <subfield code="p">1206015161</subfield>
    <subfield code="r">2025-01-21 18:51:44</subfield>
    <subfield code="w">2025-01-21</subfield>
    <subfield code="y">VEE</subfield>
  </datafield>
</record>
